000 00796nam a2200253Ia 4500
003 OSt
005 20221005062427.0
006 a|||||r|||| 00| 0
007 ta
008 221004b |||||||| |||| 00| 0 eng d
020 _a9781783487172 (pbk)
_cUKP 24.95
024 _a43366
037 _b13856, 13/03/2019, Elite Publishers Distributors
_cTextual
040 _aCRL
_cCRL
_beng
041 _2eng
_aeng
082 _aV7927:51y7N28, Q8
100 _aLiorente Renzo
_9601822
245 0 _aPolitical theory of che guevara
260 _aLondon
_bRowman & Littlefield UK
_c2018
300 _axii,182p.
_ccm.
650 _aHISTORY
942 _hV7927:51y7N28, Q8
_cTEXL
_2cc
999 _c969693
_d969693